000 00357pam a2200145a 44500
008 230405s2007 xxu||||| |||| 00| 0 eng d
020 _a8184480741
_cRs. 270
082 _a610.730
_bBAS
100 _aBasavanthappa, B.T.
245 _aNursing Research
250 _a2nd Ed.
260 _aNew Delhi
_bJaypee Pub
_c2007
300 _a574 p
906 _a000809
999 _c249571
_d249571